Ikhvān al-Ṣafā. (Record no. 88868)

MARC details
000 -LEADER
fixed length control field 00621cam a22002411 4500
001 - CONTROL NUMBER
control field sa 68019358
003 - CONTROL NUMBER IDENTIFIER
control field DLC
005 - DATE AND TIME OF LATEST TRANSACTION
control field 20260227112717.0
008 - FIXED-LENGTH DATA ELEMENTS--GENERAL INFORMATION
fixed length control field 890508s1966 xx 000 0 hino
010 ## - LIBRARY OF CONGRESS CONTROL NUMBER
LC control number sa 68019358
035 ## - SYSTEM CONTROL NUMBER
System control number (OCoLC)23574037
040 ## - CATALOGING SOURCE
Original cataloging agency DLC
Transcribing agency MiU
Modifying agency DLC
042 ## - AUTHENTICATION CODE
Authentication code premarc
050 00 - LIBRARY OF CONGRESS CALL NUMBER
Classification number B746.A4
Item number U72 1966
110 2# - MAIN ENTRY--CORPORATE NAME
Corporate name or jurisdiction name as entry element Ikhwān al-Ṣafāʼ.
245 00 - TITLE STATEMENT
Title Ikhvān al-Ṣafā.
260 ## - PUBLICATION, DISTRIBUTION, ETC.
Date of publication, distribution, etc. [1966]
300 ## - PHYSICAL DESCRIPTION
Extent 224 p.
Dimensions 22 cm.
500 ## - GENERAL NOTE
General note Romanized.
650 #0 - SUBJECT ADDED ENTRY--TOPICAL TERM
Topical term or geographic name entry element Theological anthropology
General subdivision Islam
700 2# - ADDED ENTRY--PERSONAL NAME
Personal name Ikrām ʻAlī, Maulavi,
Relator term tr.
700 1# - ADDED ENTRY--PERSONAL NAME
Personal name Naqvī, Aḥrāz,
Dates associated with a name 1936-
Relator term ed.

No items available.

Powered by Koha